[Event "AUT9798"]
[Site "Eichgraben"]
[Date "1997.11.09"]
[Round "5"]
[White "Felsberger, A."]
[Black "Schroll, G."]
[Result "0-1"]
[WhiteElo "2375"]
[BlackElo "2405"]
[PlyCount "72"]
[EventDate "1997.11.09"]

1. e4 Nf6 2. e5 Nd5 3. d4 d6 4. Nf3 Bg4 5. Be2 c6 6. Ng5 Bf5 7. Bd3 Bxd3 8.
Qxd3 dxe5 9. dxe5 e6 10. O-O Qc7 11. Qe2 h6 12. Nf3 Nd7 13. b3 g5 14. h3 Bg7
15. Re1 O-O-O 16. Bb2 Nf4 17. Qe3 Ng6 18. Na3 Nb6 19. Nc4 Nxc4 20. bxc4 Qa5 21.
a4 Bf8 22. Bc3 Qa6 23. Nd2 Nh4 24. a5 Nf5 25. Qe4 Be7 26. Nb3 h5 27. Rad1 Rdg8
28. g3 g4 29. Kg2 gxh3+ 30. Kxh3 Rg4 31. Qd3 Qxc4 32. Qd7+ Kb8 33. a6 Rxg3+ 34.
fxg3 Qg4+ 35. Kg2 Qxg3+ 36. Kf1 Qf3+ 0-1

[Event "AUT9798"]
[Site "Eichgraben"]
[Date "1997.11.09"]
[Round "5"]
[White "Neulinger, M."]
[Black "Watzka, H."]
[Result "1/2-1/2"]
[WhiteElo "2310"]
[BlackElo "2370"]
[PlyCount "42"]
[EventDate "1997.11.09"]

1. e4 c5 2. Nf3 e6 3. d3 Nc6 4. g3 g6 5. Bg2 Bg7 6. O-O Nge7 7. c3 d5 8. Nbd2
O-O 9. Re1 b6 10. e5 Kh8 11. Nf1 Ng8 12. Bf4 f6 13. exf6 Nxf6 14. Ne5 Qe8 15.
Nxc6 Qxc6 16. Be5 Bd7 17. f4 Rae8 18. Ne3 Qb7 19. b4 cxb4 20. cxb4 Rc8 21. Qd2
Qa6 1/2-1/2

[Event "AUT9798"]
[Site "Eichgraben"]
[Date "1997.11.09"]
[Round "5"]
[White "Wittmann, W."]
[Black "Posch, W."]
[Result "1-0"]
[WhiteElo "2405"]
[BlackElo "2275"]
[PlyCount "121"]
[EventDate "1997.11.09"]

1. e4 Nf6 2. e5 Nd5 3. d4 d6 4. Nf3 Bg4 5. Be2 e6 6. O-O Be7 7. c4 Nb6 8. h3
Bh5 9. exd6 cxd6 10. b3 O-O 11. Bb2 d5 12. c5 N6d7 13. b4 b6 14. Nbd2 bxc5 15.
dxc5 Nc6 16. a3 Bf6 17. Bxf6 Nxf6 18. b5 Na5 19. Ne5 Qc7 20. Bxh5 Qxe5 21. Be2
Rfc8 22. c6 Rab8 23. Re1 Qc7 24. Bf1 h6 25. Rc1 Ne8 26. a4 Nd6 27. Qg4 a6 28.
Rb1 Rb6 29. Rb4 Rcb8 30. Reb1 axb5 31. axb5 Ndc4 32. Bxc4 Nxc6 33. Bf1 Nxb4 34.
Qxb4 e5 35. Nb3 d4 36. Qc5 Qd6 37. Qxd6 Rxd6 38. Nc5 f5 39. f3 Kh7 40. Bd3 g6
41. Ra1 h5 42. Ra7+ Kh6 43. Rd7 Rbb6 44. Kf2 Kg5 45. Rxd6 Rxd6 46. Na4 Kf6 47.
b6 Ke7 48. g4 hxg4 49. hxg4 fxg4 50. b7 Rd8 51. fxg4 Kd6 52. Be4 Kc7 53. Nc5
Rd6 54. g5 Kb8 55. Ke2 Ka7 56. Kd3 Kb8 57. Kc4 Ka7 58. Nd3 Re6 59. Kc5 Ra6 60.
Nxe5 d3 61. Nd7 1-0

[Event "AUT9798"]
[Site "Eichgraben"]
[Date "1997.11.09"]
[Round "5"]
[White "Wiedner, R."]
[Black "Detter, P."]
[Result "1-0"]
[WhiteElo "2230"]
[BlackElo "2190"]
[PlyCount "73"]
[EventDate "1997.11.09"]

1. c4 e6 2. b3 d5 3. e3 Nf6 4. Nf3 Be7 5. Bb2 O-O 6. Be2 c5 7. O-O Nc6 8. d4 b6
9. cxd5 Nxd5 10. Nbd2 Bb7 11. dxc5 Bxc5 12. Ne4 Be7 13. Rc1 Nf6 14. Nxf6+ Bxf6
15. Bxf6 Qxf6 16. Qd7 Rab8 17. Rxc6 Rfd8 18. Qc7 Bxc6 19. Qxc6 Qb2 20. Bc4 Qxa2
21. Ng5 Rf8 22. Qe4 g6 23. h4 b5 24. Bxe6 Qb2 25. Bd5 Qf6 26. Rc1 h6 27. Rc6
Qa1+ 28. Kh2 hxg5 29. Rxg6+ Kh7 30. Ra6+ f5 31. Qe7+ Qg7 32. Qxg7+ Kxg7 33.
hxg5 f4 34. Kh3 fxe3 35. Rxa7+ Kg6 36. Kg4 Rb6 37. Be4+ 1-0

[Event "AUT9798"]
[Site "Eichgraben"]
[Date "1997.11.09"]
[Round "5"]
[White "Duer, A."]
[Black "Weinzettl, E."]
[Result "1-0"]
[WhiteElo "2405"]
[BlackElo "2410"]
[PlyCount "85"]
[EventDate "1997.11.09"]

1. Nf3 Nf6 2. c4 g6 3. b3 Bg7 4. Bb2 O-O 5. g3 d6 6. d4 Bf5 7. Bg2 Qc8 8. O-O
Bh3 9. Nc3 c5 10. d5 Na6 11. Qd2 Nc7 12. e4 Rb8 13. a4 a6 14. Rfe1 Bxg2 15.
Kxg2 Ng4 16. Nd1 Bh6 17. Qc3 f6 18. b4 b6 19. b5 a5 20. Ng1 Bg7 21. h3 Nh6 22.
f4 e5 23. dxe6 Qxe6 24. Nf3 Rbd8 25. Nf2 Rf7 26. Qc2 Qe7 27. Rad1 Ne6 28. Rd3
g5 29. f5 Nc7 30. Red1 Rff8 31. Qd2 Nf7 32. g4 Rfe8 33. Bc3 h6 34. h4 Rd7 35.
hxg5 hxg5 36. Ne1 Red8 37. Nc2 Ne5 38. Bxe5 fxe5 39. Rh3 Kf7 40. Rdh1 Rg8 41.
Rh7 Ke8 42. Ne3 Kd8 43. Nfd1 1-0

[Event "AUT9798"]
[Site "Eichgraben"]
[Date "1997.11.09"]
[Round "5"]
[White "Plank, F."]
[Black "Duer, W."]
[Result "1/2-1/2"]
[WhiteElo "2260"]
[BlackElo "2330"]
[PlyCount "71"]
[EventDate "1997.11.09"]

1. d4 d5 2. Nf3 Nf6 3. e3 c5 4. c3 Nbd7 5. Ne5 e6 6. Nd2 Nxe5 7. dxe5 Nd7 8. f4
Be7 9. Bd3 O-O 10. O-O f5 11. exf6 Nxf6 12. e4 Bd7 13. e5 Ne8 14. c4 g6 15. Nf3
Nc7 16. Qc2 Rf7 17. b3 b5 18. Bd2 bxc4 19. bxc4 dxc4 20. Bxc4 Nd5 21. g3 Nb6
22. Ba5 Qe8 23. Bd3 Bb5 24. Bxb6 Bxd3 25. Qxd3 axb6 26. Qc4 Qc6 27. a4 Qd5 28.
Rac1 Rff8 29. h4 Rfd8 30. Ng5 Bxg5 31. hxg5 Qc6 32. Rb1 Rd2 33. Rf2 Rxf2 34.
Kxf2 Rd8 35. Qb5 Qe4 36. Rb2 1/2-1/2

[Event "AUT9798"]
[Site "Eichgraben"]
[Date "1997.11.09"]
[Round "5"]
[White "Laube, B."]
[Black "Schneider_Zinner, H."]
[Result "1/2-1/2"]
[WhiteElo "2280"]
[BlackElo "2265"]
[PlyCount "64"]
[EventDate "1997.11.09"]

1. Nf3 Nf6 2. c4 b6 3. b3 g6 4. Bb2 Bg7 5. Nc3 c5 6. d4 cxd4 7. Qxd4 Bb7 8. e3
O-O 9. Qd2 d6 10. Be2 Nbd7 11. O-O Rc8 12. Ng5 Rc5 13. f4 Qa8 14. Bf3 a6 15.
Ba3 Rc7 16. Rac1 Bxf3 17. gxf3 Rfc8 18. e4 Qb7 19. e5 dxe5 20. Bxe7 exf4 21.
Qxf4 Nc5 22. Bxf6 Nd3 23. Qd4 Rd7 24. Nd5 Rxd5 25. Qxd5 Qxd5 26. cxd5 Nxc1 27.
Ne4 Bxf6 28. Nxf6+ Kg7 29. Nd7 b5 30. Nb6 Ne2+ 31. Kf2 Rc2 32. Ke3 Nc1 1/2-1/2

[Event "AUT9798"]
[Site "Eichgraben"]
[Date "1997.11.09"]
[Round "5"]
[White "Stuhlik, M."]
[Black "Gerhold, M."]
[Result "1/2-1/2"]
[WhiteElo "2225"]
[BlackElo "2270"]
[PlyCount "32"]
[EventDate "1997.11.09"]

1. Nf3 c5 2. c4 Nf6 3. g3 b6 4. Bg2 Bb7 5. O-O e6 6. Nc3 Be7 7. d4 cxd4 8. Qxd4
d6 9. Rd1 a6 10. Bg5 Nbd7 11. Qd2 Qc7 12. Rac1 Rd8 13. b3 O-O 14. Bxf6 Nxf6 15.
Qd3 Rfe8 16. Ng5 Bxg2 1/2-1/2

[Event "AUT9798"]
[Site "Eichgraben"]
[Date "1997.11.09"]
[Round "5"]
[White "Fischler, W."]
[Black "Hadjieff, D."]
[Result "0-1"]
[WhiteElo "2355"]
[BlackElo "2215"]
[PlyCount "86"]
[EventDate "1997.11.09"]

1. e4 e5 2. Nf3 Nc6 3. Bb5 Nf6 4. O-O d6 5. Re1 Be7 6. c3 O-O 7. h3 Nb8 8. d4
c6 9. Bd3 Nbd7 10. Nbd2 Re8 11. a4 Bf8 12. Nc4 d5 13. Ncd2 exd4 14. cxd4 dxe4
15. Nxe4 Nxe4 16. Bxe4 h6 17. Bc2 Rxe1+ 18. Qxe1 Nf6 19. Be3 Qb6 20. Qd2 Qb4
21. Qxb4 Bxb4 22. Bb3 Nd5 23. Bxd5 cxd5 24. Rc1 Bd7 25. Ne5 Bxa4 26. Rc7 Rb8
27. Rxf7 Bd6 28. Rf3 Rc8 29. b3 Bxb3 30. Bxh6 Bc2 31. Rg3 Rc7 32. Bf4 b5 33.
Nd3 Bxf4 34. Nxf4 b4 35. Nxd5 Rc4 36. Ne3 Rc8 37. Nxc2 Rxc2 38. Rg5 a6 39. Rg6
b3 40. Rb6 b2 41. Kh2 a5 42. d5 a4 43. d6 a3 0-1

[Event "AUT9798"]
[Site "Eichgraben"]
[Date "1997.11.09"]
[Round "5"]
[White "Stajcic, N."]
[Black "Baumegger, S."]
[Result "1-0"]
[WhiteElo "2315"]
[BlackElo "2485"]
[PlyCount "63"]
[EventDate "1997.11.09"]

1. c4 g6 2. Nf3 Bg7 3. g3 e5 4. Nc3 f5 5. d3 d6 6. Bg2 Nf6 7. O-O O-O 8. Rb1 a5
9. a3 Nc6 10. b4 axb4 11. axb4 h6 12. b5 Ne7 13. c5 Be6 14. Bb2 g5 15. b6 c6
16. cxd6 Qxd6 17. Nd2 Rfd8 18. Ra1 Qb4 19. Qc2 Qxb6 20. Na4 Qc7 21. Nc5 Bf7 22.
Nc4 Ne8 23. Rfb1 Nd5 24. Rxa8 Rxa8 25. Bxe5 Bxe5 26. Rxb7 Nb4 27. Rxb4 Bd4 28.
Nb3 Ba7 29. d4 Rd8 30. e3 Qe7 31. Ra4 Rb8 32. Nba5 1-0

[Event "AUT9798"]
[Site "Eichgraben"]
[Date "1997.11.09"]
[Round "5"]
[White "Freitag, M."]
[Black "Fahrner, K."]
[Result "1-0"]
[WhiteElo "2390"]
[BlackElo "2325"]
[PlyCount "77"]
[EventDate "1997.11.09"]

1. d4 g6 2. c4 Bg7 3. Nc3 d6 4. e4 Nc6 5. Be3 e5 6. Nge2 Nh6 7. d5 Ne7 8. f3 f5
9. Qd2 f4 10. Bf2 g5 11. O-O-O Ng6 12. Kb1 g4 13. Nc1 O-O 14. Be2 Rf7 15. Nd3
Bf8 16. Rc1 c5 17. Qd1 Qg5 18. h4 gxh3 19. gxh3 Qd8 20. h4 Be7 21. Qg1 Rg7 22.
Qh2 Nf7 23. Rcg1 h5 24. Bf1 Bd7 25. Bh3 Qc8 26. Be6 Bxe6 27. dxe6 Qxe6 28. Nd5
Bd8 29. Be1 Rb8 30. Bc3 Nfh8 31. N3xf4 Qf7 32. Nxg6 Rxg6 33. f4 b5 34. cxb5
Rxb5 35. Qe2 Rb7 36. fxe5 dxe5 37. Qxh5 Qe6 38. Nf4 Rbg7 39. Rxg6 1-0

[Event "AUT9798"]
[Site "Eichgraben"]
[Date "1997.11.09"]
[Round "5"]
[White "Loebler, H."]
[Black "Ivancsics, M."]
[Result "1/2-1/2"]
[WhiteElo "2255"]
[BlackElo "2235"]
[PlyCount "70"]
[EventDate "1997.11.09"]

1. d4 g6 2. c4 Bg7 3. Nc3 d6 4. e4 Nc6 5. d5 Nd4 6. Be3 c5 7. Nge2 Qb6 8. Na4
Qa5+ 9. Bd2 Qa6 10. Nxd4 Bxd4 11. Nc3 Qb6 12. Qc2 Bd7 13. Be2 Nf6 14. h3 e6 15.
dxe6 fxe6 16. O-O O-O 17. Rae1 Bc6 18. Bf3 Nd7 19. Bg4 Rae8 20. Nd5 exd5 21.
exd5 Ne5 22. dxc6 Nxg4 23. hxg4 Qxc6 24. Rxe8 Rxe8 25. Re1 Rxe1+ 26. Bxe1 b5
27. cxb5 Qxb5 28. Bc3 Qc4 29. Qd2 d5 30. Qf4 Qxa2 31. Qb8+ Kg7 32. Qc7+ Kg8 33.
Qd8+ Kf7 34. Qd7+ Kg8 35. Qe8+ Kg7 1/2-1/2

[Event "AUT9798"]
[Site "Eichgraben"]
[Date "1997.11.09"]
[Round "5"]
[White "Thallinger, G."]
[Black "Kastner, W."]
[Result "0-1"]
[WhiteElo "2205"]
[BlackElo "2265"]
[PlyCount "88"]
[EventDate "1997.11.09"]

1. e4 e6 2. d4 d5 3. e5 c5 4. c3 Nc6 5. Nf3 Bd7 6. Be2 Nge7 7. Na3 cxd4 8. cxd4
Nf5 9. Nc2 Qb6 10. O-O a5 11. g4 Nfe7 12. Nh4 Ng6 13. Ng2 Be7 14. Kh1 Nb4 15.
Na3 O-O 16. Be3 f5 17. gxf5 Rxf5 18. Bg4 Rff8 19. Qd2 Nh4 20. Nxh4 Bxh4 21. Qe2
Rf7 22. Bh5 Rf5 23. Bg4 Rff8 24. Rg1 Qa6 25. Qxa6 Rxa6 26. Be2 Rb6 27. Kg2 Rc8
28. Rgc1 Rxc1 29. Rxc1 Kf7 30. Rc7 Ke8 31. Rc5 a4 32. b3 Be7 33. Ra5 Nxa2 34.
Nb5 axb3 35. Bd3 Bxb5 36. Bxb5+ Kf7 37. Bd3 Nc3 38. Bd2 Bb4 39. Ra1 b2 40. Re1
Ne4 41. Be3 Bc3 42. Rd1 Ba5 43. Rg1 Nc3 44. Bd2 Rb3 0-1

[Event "AUT9798"]
[Site "Eichgraben"]
[Date "1997.11.09"]
[Round "5"]
[White "Spindelboeck, G."]
[Black "Demuth, M."]
[Result "1-0"]
[WhiteElo "2200"]
[BlackElo "2230"]
[PlyCount "141"]
[EventDate "1997.11.09"]

1. Nf3 d6 2. d4 Nf6 3. Nc3 Bg4 4. e4 Nc6 5. Be3 e6 6. h3 Bh5 7. d5 exd5 8. exd5
Bxf3 9. Qxf3 Ne5 10. Qd1 Be7 11. Be2 O-O 12. O-O Nfd7 13. Qd2 Nb6 14. b3 c5 15.
dxc6 bxc6 16. Rad1 d5 17. Rfe1 Bd6 18. Ne4 Bc7 19. Qc3 Qh4 20. Ng5 f5 21. Ne6
Qf6 22. Nxc7 Nf3+ 23. Bxf3 Qxc3 24. Nxa8 Rxa8 25. Bd4 Qb4 26. Re6 Rc8 27. Bxb6
axb6 28. Rxc6 Rxc6 29. Bxd5+ Kf8 30. Bxc6 Qc5 31. Bf3 Qxc2 32. Rd5 Ke7 33. Rb5
Kd7 34. a4 Kc7 35. g3 g5 36. Kg2 h6 37. Rb4 Qd2 38. Rc4+ Kb8 39. Rc6 Ka7 40.
Rxh6 Qc3 41. Rh7+ Ka6 42. b4 Qxb4 43. Be2+ b5 44. axb5+ Ka5 45. Bf3 Qd4 46. Bc6
f4 47. g4 f3+ 48. Bxf3 Kxb5 49. Rh5 Qf6 50. h4 Kc5 51. Rxg5+ Kd6 52. Rh5 Ke7
53. Kg3 Qd6+ 54. Kh3 Qd2 55. Kg2 Kf8 56. Rf5+ Kg7 57. g5 Qd4 58. h5 Qh4 59. Re5
Qf4 60. Re4 Qf5 61. Rg4 Qf8 62. Be4 Qc8 63. h6+ Kg8 64. Rg3 Qf8 65. Kg1 Qf4 66.
Bf3 Qc1+ 67. Kg2 Qf4 68. Rg4 Qc1 69. Ra4 Qc2 70. Ra8+ Kh7 71. Re8 1-0

[Event "AUT9798"]
[Site "Eichgraben"]
[Date "1997.11.09"]
[Round "5"]
[White "Blatny, F."]
[Black "Groszpeter, A."]
[Result "1/2-1/2"]
[WhiteElo "2305"]
[BlackElo "2530"]
[PlyCount "50"]
[EventDate "1997.11.09"]

1. e4 c5 2. Nc3 Nc6 3. g3 g6 4. Bg2 Bg7 5. d3 d6 6. Be3 e6 7. Qd2 Qa5 8. f4
Nge7 9. Nf3 Nd4 10. Nxd4 cxd4 11. Nd1 Qa6 12. Bf2 Bd7 13. O-O Rc8 14. c4 dxc3
15. Nxc3 O-O 16. Rfc1 e5 17. d4 exf4 18. gxf4 Rfe8 19. e5 dxe5 20. fxe5 Nf5 21.
Re1 Bc6 22. Ne4 Bxe4 23. Bxe4 Ne7 24. Rf1 Rcd8 25. Qf4 Nc6 1/2-1/2

[Event "AUT9798"]
[Site "Eichgraben"]
[Date "1997.11.09"]
[Round "5"]
[White "Schlosser, M."]
[Black "Penz, H."]
[Result "0-1"]
[WhiteElo "2350"]
[BlackElo "2390"]
[PlyCount "74"]
[EventDate "1997.11.09"]

1. e4 e5 2. Nf3 Nf6 3. Nxe5 d6 4. Nf3 Nxe4 5. d4 d5 6. Bd3 Nc6 7. O-O Be7 8. c4
Nb4 9. Bxe4 dxe4 10. Ne1 O-O 11. Nc3 Bf5 12. Be3 Re8 13. f3 Bf6 14. Kh1 Qe7 15.
f4 Qd7 16. Qd2 Rad8 17. Ne2 Nd3 18. Ng3 g6 19. Nxf5 Qxf5 20. Nc2 b6 21. Rab1 c5
22. dxc5 bxc5 23. b3 Nb4 24. Qf2 Nxc2 25. Qxc2 Rd3 26. Rbe1 Red8 27. Qf2 Bd4
28. h3 Qe6 29. Kh2 f5 30. Re2 Qd6 31. Rfe1 Kf7 32. Qh4 Kg7 33. Kh1 Rd7 34. Qf2
Bxe3 35. Rxe3 Rxe3 36. Qxe3 Qd4 37. Qe2 Qd2 {(Zeit)} 0-1

[Event "AUT9798"]
[Site "Eichgraben"]
[Date "1997.11.09"]
[Round "5"]
[White "Dueckstein, A."]
[Black "Danner, G."]
[Result "0-1"]
[WhiteElo "2330"]
[BlackElo "2415"]
[PlyCount "118"]
[EventDate "1997.11.09"]

1. e4 c5 2. Nf3 d6 3. d4 cxd4 4. Qxd4 a6 5. Be3 Nc6 6. Qd2 Nf6 7. Nc3 g6 8. Be2
Bg7 9. h3 O-O 10. Bh6 Qb6 11. Bxg7 Kxg7 12. Rb1 Be6 13. O-O Qc5 14. Rfd1 Rac8
15. Nd4 Nxd4 16. Qxd4 Qxd4 17. Rxd4 Rc5 18. Bd3 Rfc8 19. a3 g5 20. Kh2 Nd7 21.
Be2 Ne5 22. g3 Bc4 23. Bd1 b5 24. Kg2 a5 25. Rd2 Be6 26. Ne2 Nc4 27. Rd3 d5 28.
f3 dxe4 29. fxe4 Ne5 30. Rd2 g4 31. hxg4 Bxg4 32. Nd4 Bd7 33. c3 Nc4 34. Rd3 a4
35. Bf3 e5 36. Nc2 Be6 37. Ne3 Nxe3+ 38. Rxe3 Bb3 39. Rf1 Rd8 40. Rf2 Rc6 41.
Be2 Bc4 42. Ref3 f6 43. Bf1 Rd1 44. Kh3 Rcd6 45. Bg2 Re1 46. g4 Be2 47. Rg3 h6
48. Kh4 Bc4 49. Rh3 Bf7 50. Bf1 Be8 51. Bd3 Rg1 52. Bc2 Bd7 53. Rg3 Rh1+ 54.
Rh3 Rxh3+ 55. Kxh3 h5 56. Kh4 hxg4 57. Kh5 Be6 58. Kh4 Kg6 59. Kg3 Kg5 0-1

[Event "AUT9798"]
[Site "Eichgraben"]
[Date "1997.11.09"]
[Round "5"]
[White "Schwarz, M."]
[Black "Bawart, M."]
[Result "1/2-1/2"]
[WhiteElo "2400"]
[BlackElo "2325"]
[PlyCount "63"]
[EventDate "1997.11.09"]

1. g3 e5 2. c4 Nf6 3. Bg2 c6 4. Nf3 e4 5. Nd4 d5 6. cxd5 cxd5 7. d3 Bc5 8. Nb3
Bb4+ 9. Bd2 Be7 10. dxe4 dxe4 11. Nc3 Bf5 12. O-O O-O 13. Be3 Nc6 14. Nd4 Nxd4
15. Bxd4 Re8 16. e3 Qd7 17. Rc1 a6 18. Qb3 Be6 19. Qc2 Bc4 20. Rfd1 Bd3 21. Qb3
Qf5 22. Bxf6 Bxf6 23. Nd5 Rad8 24. Nxf6+ Qxf6 25. h4 g6 26. Rc7 b5 27. Qc3 Qxc3
28. Rxc3 Bc4 29. Rxd8 Rxd8 30. Bxe4 Rd1+ 31. Kg2 Bxa2 32. b4 1/2-1/2

[Event "AUT9798"]
[Site "Eichgraben"]
[Date "1997.11.09"]
[Round "5"]
[White "Janetschek, K."]
[Black "Frosch, E."]
[Result "1/2-1/2"]
[WhiteElo "2305"]
[BlackElo "2310"]
[PlyCount "73"]
[EventDate "1997.11.09"]

1. e4 e5 2. Nf3 Nc6 3. Bb5 a6 4. Ba4 Nf6 5. O-O Be7 6. Re1 b5 7. Bb3 O-O 8. h3
d6 9. c3 Na5 10. Bc2 c5 11. d4 Qc7 12. Nbd2 Re8 13. Nf1 Bf8 14. Bg5 Nd7 15. Ne3
Nb6 16. dxe5 dxe5 17. Nh2 Nac4 18. Nxc4 Nxc4 19. Bc1 Be6 20. Bb3 Rad8 21. Qe2
Rd7 22. Nf1 Nb6 23. Bxe6 Rxe6 24. Be3 Qc6 25. f3 c4 26. Red1 Na4 27. Rxd7 Qxd7
28. Rd1 Rd6 29. Rxd6 Qxd6 30. Kf2 g6 31. Qc2 Qd8 32. Ke2 Nc5 33. Bxc5 Bxc5 34.
Qd2 Qh4 35. Kd1 Be7 36. Ke2 Bc5 37. Kd1 1/2-1/2

[Event "AUT9798"]
[Site "Eichgraben"]
[Date "1997.11.09"]
[Round "5"]
[White "Popovic, P."]
[Black "Moser, G."]
[Result "1-0"]
[WhiteElo "2545"]
[BlackElo "2355"]
[PlyCount "81"]
[EventDate "1997.11.09"]

1. e4 d6 2. d4 Nf6 3. Nd2 c6 4. c3 g6 5. Bd3 Bg7 6. Ngf3 O-O 7. O-O Nh5 8. Re1
e5 9. h3 Nd7 10. a4 h6 11. Bf1 Qe7 12. a5 b5 13. axb6 Nxb6 14. dxe5 dxe5 15.
Nc4 Rd8 16. Qc2 Nxc4 17. Bxc4 Qf6 18. Nh2 Be6 19. Bxe6 Qxe6 20. Ra5 Nf4 21.
Bxf4 exf4 22. Nf3 g5 23. e5 Qc4 24. e6 fxe6 25. Qg6 Qd3 26. Qxe6+ Kh7 27. Qxc6
Rac8 28. Qa4 Rc4 29. Qa1 Re4 30. Rxa7 Rxe1+ 31. Qxe1 Qd1 32. Re7 Qxe1+ 33. Rxe1
Kg6 34. g4 Ra8 35. Re2 Ra1+ 36. Kg2 Rd1 37. Re6+ Kf7 38. Rb6 Rc1 39. Rb7+ Kf8
40. h4 gxh4 41. Nxh4 1-0

[Event "AUT9798"]
[Site "Eichgraben"]
[Date "1997.11.09"]
[Round "5"]
[White "Casagrande, H."]
[Black "Herzog, A."]
[Result "1-0"]
[WhiteElo "2345"]
[BlackElo "2420"]
[PlyCount "81"]
[EventDate "1997.11.09"]

1. c4 e5 2. Nc3 Nc6 3. Nf3 f5 4. d4 e4 5. Ng5 h6 6. Nh3 g5 7. f3 Nf6 8. e3 Bb4
9. Bd2 Bxc3 10. Bxc3 exf3 11. d5 Qe7 12. gxf3 Ne5 13. Be2 d6 14. Nf2 Bd7 15.
Qd4 Kf7 16. O-O-O Rae8 17. h4 Ng6 18. hxg5 hxg5 19. Nh3 Rxh3 20. Rxh3 Qxe3+ 21.
Qxe3 Rxe3 22. Rh2 Nf4 23. Kd2 Re8 24. Rdh1 N6h5 25. Bd1 Kg6 26. Bd4 g4 27. fxg4
fxg4 28. Be3 Re5 29. Rg1 Rg5 30. Rh4 b5 31. b3 bxc4 32. bxc4 Kf6 33. Bxg4 Bxg4
34. Rgxg4 Rxg4 35. Rxg4 Ng6 36. Bxa7 Ne5 37. Re4 Kf5 38. Ke3 Ng4+ 39. Rxg4 Kxg4
40. Bb8 Kf5 41. a4 1-0

[Event "AUT9798"]
[Site "Eichgraben"]
[Date "1997.11.09"]
[Round "5"]
[White "Mahdy, K."]
[Black "Roth, P."]
[Result "1/2-1/2"]
[WhiteElo "2400"]
[BlackElo "2285"]
[PlyCount "93"]
[EventDate "1997.11.09"]

1. e4 e6 2. d4 d5 3. exd5 exd5 4. Nf3 Nf6 5. Bd3 c5 6. O-O c4 7. Re1+ Be7 8.
Bf1 Nc6 9. b3 cxb3 10. axb3 O-O 11. Ne5 Bf5 12. Nxc6 bxc6 13. Bd3 Bxd3 14. Qxd3
Bd6 15. Nc3 Qc7 16. h3 Bh2+ 17. Kh1 Bf4 18. Bxf4 Qxf4 19. Kg1 Rfe8 20. Re3 Rxe3
21. Qxe3 Qc7 22. Qg3 Rc8 23. Qxc7 Rxc7 24. Kf1 Kf8 25. Ke2 Ke7 26. Ra6 Nd7 27.
Kd3 Nb6 28. Ra1 Kd6 29. Nd1 Rb7 30. Ra3 Nd7 31. Ne3 g6 32. Nf1 f5 33. Ng3 Nf6
34. Ne2 Nd7 35. Ra1 Nf6 36. f3 Nd7 37. Kd2 Nb6 38. Nf4 Nd7 39. Nd3 Kc7 40. Re1
Kd6 41. Nf4 Nf8 42. Re8 Rf7 43. Rd8+ Nd7 44. Nd3 Rf8 45. Rxf8 Nxf8 46. Ke3 Ne6
47. h4 1/2-1/2

[Event "AUT9798"]
[Site "Eichgraben"]
[Date "1997.11.09"]
[Round "5"]
[White "Steiner, G."]
[Black "Lendwai, R."]
[Result "1-0"]
[WhiteElo "2205"]
[BlackElo "2375"]
[PlyCount "76"]
[EventDate "1997.11.09"]

1. d4 d5 2. Bg5 a6 3. Nf3 Bg4 4. e3 Qd6 5. c4 e6 6. Nc3 dxc4 7. Bxc4 Be7 8. Bf4
Qd8 9. h3 Bh5 10. g4 Bg6 11. h4 h6 12. Ne5 Bh7 13. Qf3 Qc8 14. g5 Nc6 15. Nxc6
bxc6 16. Qxc6+ Kf8 17. d5 Bb4 18. dxe6 Ne7 19. Qf3 Bf5 20. gxh6 gxh6 21. exf7
Bxc3+ 22. bxc3 Rb8 23. Rg1 Be6 24. Qh5 Bxc4 25. Bxh6+ Rxh6 26. Qxh6+ Kxf7 27.
Qf4+ Qf5 28. Qxc4+ Kf6 29. Qd4+ Ke6 30. Qg4 Rb2 31. Qxf5+ Kxf5 32. a4 Nc6 33.
O-O-O Ra2 34. h5 Rxa4 35. h6 Ne5 36. h7 Nf7 37. Rh1 Nh8 38. Kb2 Rg4 1-0

[Event "AUT9798"]
[Site "Eichgraben"]
[Date "1997.11.09"]
[Round "5"]
[White "Doppelhammer, H."]
[Black "Schweda, R."]
[Result "0-1"]
[WhiteElo "2001"]
[BlackElo "2370"]
[PlyCount "96"]
[EventDate "1997.11.09"]

1. d4 Nf6 2. Nf3 g6 3. c4 Bg7 4. Nc3 O-O 5. e3 c5 6. Be2 b6 7. O-O Bb7 8. b3
cxd4 9. Nxd4 a6 10. Bb2 d6 11. Bf3 Ra7 12. Bxb7 Rxb7 13. Rc1 Re8 14. Qe2 Qc8
15. Rfd1 Nbd7 16. Nd5 Nc5 17. Nxf6+ Bxf6 18. Nf3 Bxb2 19. Qxb2 Rc7 20. Nd4 Qb7
21. Qe2 Rec8 22. Qf3 Ne4 23. Ne2 b5 24. Nc3 Nxc3 25. Qxb7 Rxb7 26. Rxc3 bxc4
27. bxc4 Rc5 28. Rc2 Rb4 29. Rdc1 d5 30. Kf1 dxc4 31. Ke2 Ra4 32. Kd2 Ra3 33.
Ra1 Rca5 34. Ke2 R5a4 35. Kd2 Kg7 36. Kc1 c3 37. Kd1 e5 38. f3 f5 39. Ke2 e4
40. f4 Kf6 41. g3 Ke6 42. Ke1 Rb4 43. Kd1 Kd5 44. Rac1 Kc4 45. Ke2 Rba4 46. Ra1
Ra5 47. Ke1 Kd3 48. Rac1 Rb5 0-1

[Event "AUT9798"]
[Site "Eichgraben"]
[Date "1997.11.09"]
[Round "5"]
[White "Hoelzl, F."]
[Black "Atlas, V."]
[Result "1/2-1/2"]
[WhiteElo "2440"]
[BlackElo "2455"]
[PlyCount "73"]
[EventDate "1997.11.09"]

1. g3 e6 2. Bg2 c5 3. c4 Nf6 4. Nf3 Qc7 5. Nc3 a6 6. O-O d6 7. b3 b6 8. d4 cxd4
9. Qxd4 Bb7 10. Rd1 Nc6 11. Qe3 Be7 12. Bb2 O-O 13. Rac1 Na7 14. Nd4 Bxg2 15.
Kxg2 Qb7+ 16. Qf3 Qxf3+ 17. Nxf3 b5 18. Nb1 Rfc8 19. Nbd2 Ne8 20. Ne1 Rc7 21.
Bd4 Nc6 22. Bb6 Rcc8 23. Nd3 Nf6 24. Rc2 bxc4 25. Nxc4 d5 26. Ncb2 Nd7 27. Rdc1
Nxb6 28. Rxc6 Rcb8 29. Nc5 h6 30. Nca4 Nxa4 31. Nxa4 Ba3 32. R1c2 Ra7 33. e3 a5
34. Kf3 Bb4 35. Ke2 h5 36. Kd3 Kh7 37. Rc7 1/2-1/2

[Event "AUT9798"]
[Site "Eichgraben"]
[Date "1997.11.09"]
[Round "5"]
[White "Mohr, S."]
[Black "Horvath, J."]
[Result "1/2-1/2"]
[WhiteElo "2400"]
[BlackElo "2525"]
[PlyCount "26"]
[EventDate "1997.11.09"]

1. d4 Nf6 2. c4 e6 3. Nc3 Bb4 4. Qc2 d5 5. cxd5 Qxd5 6. Nf3 Qf5 7. Qb3 c5 8. a3
Ba5 9. Qc4 Bxc3+ 10. Qxc3 Nbd7 11. g3 cxd4 12. Nxd4 Qd5 13. Nf3 O-O 1/2-1/2

[Event "AUT9798"]
[Site "Eichgraben"]
[Date "1997.11.09"]
[Round "5"]
[White "Titz, H."]
[Black "Topakian, R."]
[Result "0-1"]
[WhiteElo "2285"]
[BlackElo "2340"]
[PlyCount "154"]
[EventDate "1997.11.09"]

1. c4 Nf6 2. Nc3 c5 3. g3 d5 4. cxd5 Nxd5 5. Bg2 Nc7 6. Qb3 Nc6 7. Bxc6+ bxc6
8. Qa4 Bd7 9. Nf3 f6 10. d3 e5 11. Be3 Qb8 12. Rb1 Ne6 13. O-O Be7 14. Rfc1 f5
15. Qc4 f4 16. Bd2 g5 17. Ne4 g4 18. Ne1 Nd4 19. Nc3 Be6 20. Qa4 O-O 21. Nc2
Qe8 22. Nxd4 cxd4 23. Ne4 Bd5 24. Bb4 Bxb4 25. Qxb4 Qg6 26. Rc5 f3 27. exf3
Rxf3 28. Re1 Raf8 29. Qd2 Qh5 30. Rc2 h6 31. b3 R8f5 32. Qe2 Qh3 33. Rd2 Kg7
34. Qf1 Qh5 35. Ree2 Qg6 36. Qc1 Rh5 37. Qc5 Rf7 38. h4 gxh3 39. Kh2 Qg4 40.
Qc1 Qf3 41. Qf1 Kh8 42. Qg1 Rg7 43. Re1 Rf5 44. Qh1 Qh5 45. Qf1 Qg6 46. Qe2
Bxe4 47. dxe4 Rg5 48. Rd3 h5 49. Rf3 h4 50. Qd3 Qh5 51. Rg1 Rg4 52. Rf5 R4g5
53. g4 Qh6 54. Qd2 Kh7 55. Kxh3 Rxf5 56. Qxh6+ Kxh6 57. exf5 Kg5 58. Rc1 Rc7
59. f3 d3 60. Kg2 Rd7 61. Kf2 d2 62. Rd1 c5 63. Kg2 Rd3 64. Kf2 a5 65. a4 Rd6
66. Ke3 Rd4 67. Kf2 Rd8 68. Kg2 Kf4 69. Kh3 Kxf3 70. f6 Ke2 71. Rg1 d1=Q 72.
Rxd1 Kxd1 73. g5 e4 74. g6 e3 75. f7 e2 76. g7 e1=Q 77. g8=Q Rxg8 0-1

[Event "AUT9798"]
[Site "Eichgraben"]
[Date "1997.11.09"]
[Round "5"]
[White "Schumi, M."]
[Black "Gaertner, G."]
[Result "1/2-1/2"]
[WhiteElo "2245"]
[BlackElo "2340"]
[PlyCount "45"]
[EventDate "1997.11.09"]

1. e4 c5 2. Nf3 e6 3. d4 cxd4 4. Nxd4 Nf6 5. Nc3 Nc6 6. Ndb5 d6 7. Bf4 e5 8.
Bg5 a6 9. Na3 b5 10. Bxf6 gxf6 11. Nd5 Bg7 12. c3 Ne7 13. Nc2 Nxd5 14. Qxd5 Be6
15. Qc6+ Ke7 16. Ne3 Qd7 17. Nd5+ Bxd5 18. Qxd5 Rhd8 19. Be2 Qe6 20. Qd3 d5 21.
O-O dxe4 22. Qxe4 f5 23. Qh4+ 1/2-1/2

[Event "AUT9798"]
[Site "Eichgraben"]
[Date "1997.11.09"]
[Round "5"]
[White "Grabher, H."]
[Black "Petschar, K."]
[Result "1-0"]
[WhiteElo "2260"]
[BlackElo "2270"]
[PlyCount "39"]
[EventDate "1997.11.09"]

1. e4 c5 2. Nf3 Nc6 3. d4 cxd4 4. Nxd4 e5 5. Nf3 Nf6 6. Nc3 Bb4 7. Bc4 d6 8.
O-O Bxc3 9. bxc3 O-O 10. Bg5 h6 11. Bh4 Qe7 12. Bb3 Rd8 13. Re1 Be6 14. Re3 Rd7
15. Rd3 Bxb3 16. cxb3 g5 17. Nxg5 hxg5 18. Bxg5 Qe6 19. Bxf6 Qxf6 20. Qg4+ 1-0